000 00388 a2200157 4500
001 74322
020 _a978-85-7675-560-9
040 _cAnchieta - Colégio São Paulo
100 _aTaboada, Roberta
240 1 0 _aAprender juntos: Matemática, 5º ano
_lpor
245 1 0 _aAprender juntos: Matemática, 5º ano
300 _a287
362 0 _a2010
650 4 _aMatemática
942 _cBK
999 _c74322
_d74322